Logo BPK

Biblioteka

Politechniki Koszalińskiej

Computer graphics for the IBM PC / (Rekord nr 28773)

Szczegóły MARC
000 -ETYKIETA REKORDU
podpole kontrolne o stałej długości 00464nam a2200181 i 4500
001 - NUMER KONTROLNY REKORDU
pole kontrolne bg
020 ## - MIĘDZYNARODOWY ZNORMALIZOWANY NUMER KSIĄŻKI - ISBN
ISBN 0471915017
040 ## - ŹRÓDŁO KATALOGOWANIA
Instytucja, która utworzyła rekord BPK
041 ## - KOD JĘZYKA
Kod języka tekstu pol
080 ## - UNIWERSALNA KLASYFIKACJA DZIESIĘTNA - UKD
UKD 004.92:744
920 ## - Międzynarodowy znormalizowany numer książki – ISBN
ISBN 0-471-91501-7
008 - POLE O STAŁEJ DŁUGOŚCI - DANE KONTROLNE
podpole kontrolne o stałej długości s pl f |000 0 pol
100 1# - NAZWA OSOBOWA
Nazwa osobowa AMMERAAL, Leendert
245 #0 - TYTUŁ/ODPOWIEDZIALNOŚĆ
Tytuł Computer graphics for the IBM PC /
Pozostałe elementy strefy tytułu i oznaczenia odpowiedzialności Leendert Ammeraal.
260 ## - STREFA ADRESU WYDAWNICZEGO
Miejsce wydania Chichester :
Nazwa wydawcy/dystrybutora John Wiley & Sons,
Data publikacji, dystrybucji/powstania dokumentu 1988.
650 #9 - HASŁO PRZEDMIOTOWE W FORMIE NAZWY OGÓLNEJ LUB JEDNOSTKOWEJ
Nazwa ogólna lub geograficzna Grafika komputerowa
856 ## - LOKALIZACJA I DOSTĘP DO ELEKTRONICZNYCH DOKUMENTÓW ZDALNYCH
Link (URL) http://koha.tu.koszalin.pl/cgi-bin/koha/opac-detail.pl?biblionumber=28773
Tekst linku Katalog online BPK
942 ## - DODATKOWE ELEMENTY (KOHA)
Typ dokumentu Książka
Egzemplarze
Wycofany Status egzemplarza Uszkodzony Dostępność Lokalizacja stała Lokalizacja bieżąca Miejsce przechowywania Sygnatura Kod kreskowy Typ dokumentu
      Dostępny Biblioteka Politechniki Koszalińskiej Biblioteka Politechniki Koszalińskiej Wypożyczalnia BG 34666 02032825 Książka
© 2023 Biblioteka Politechniki Koszalińskiej :: KOHA